000 00778nam a22002297a 4500
003 NALT
005 20221107124319.0
008 s2013 eng d
020 _a9780521883771
040 _aNALT
041 _aeng
050 _aJQ 750.A58
_bB47P 2013
100 1 _aBertrand, Jacques
_928984
245 1 0 _aPolitical change in Southeast Asia /
_cJacques Bertrand.
260 _aCambridge :
_bCambridge University Press,
_c2013.
300 _a246 p. :
_btables ;
_c23 cm.
651 0 _928985
_aSoutheast Asia
_xPolitics and government
_y20th century
651 0 _928986
_aSoutheast Asia
_xPolitics and government
_y21st century
850 _aNALT
942 _cGB
_2lcc
998 _bปรียานุช คลอวุฒิวัฒน์
_bphon
_c101
_j104
_k นางสาวสายฝน ดีงาม
999 _c71049
_d71049